00961nabaa22001697a 4500003000400000005001700004008004100021040000700062100002000069245015000089300001300239500003600252505027400288505008900562650002700651773011300678OSt20260129002213.0190701b xxu||||| |||| 00| 0 spa d cPJ aGarda, Juan B. 13aLa juridicidad como principio fundamental y la nueva configuración de las vías de hecho administrativas en la Ley de Bases /cJuan B. Garda.  ap. 58-79 aCita: TR LALEY AR/DOC/444/2025  aSumario: I. Introducción.— II. Origen y tratamiento doctrinario clásico.— III. Nuestro concepto actualizado y sus requisitos integrativos.— IV. La nueva configuración formulada por la Ley de Bases.— V. Perspectiva analítica final. Un balance plausible.  t¿Te interesa el texto completo? Comunicate al correo: koha@justierradelfuego.gov.ar 0aDERECHO ADMINISTRATIVO0 02842dBuenos Aires : AbeledoPerrot, 2012-oDA121tDerecho administrativo. Nº 158 marzo/abril 2025z18510590